Chaîne de mots "régressive" - Statistiques

Statistiques générales
  • Ce quiz a été pris 151 fois
  • Le résultat moyen est 6 sur 16
Statistiques - réponses
Question Réponse % Correct
On y monte un sapin pour l'occasion Noël
86%
Fête américaine en Novembre Thanksgiving
76%
L'un des 7 péchés capitaux Gourmandise
67%
Département 46 Lot
66%
Instrument de musique Hawaiien mais né à Madère Ukulélé
57%
Habitant le pays d'Addis-Abeba Ethiopien
49%
En même temps Simultanément
42%
Capitale du Bruneï Bandar Seri Begawan
39%
On veut les éviter sur l'autoroutes Embouteillages
39%
Abréviation d'un sport de raquette ou d'une compétition moto TT
38%
Art martial japonais avec un fléau à deux branche Nunchaku
28%
Élément chimique n°54 Xenon
22%
Province canadienne près du Quebec Nouveau-Brunswick
11%
Ce que l'on peux gagner ou perdre lors d'un tournoi Enjeux
4%
Consiste a : faire les choses bien ou Faire ce qu'il faut Efficience / Efficacité
3%
(Sens figuré) Relatif à une diversité de choses Kaleidoscopique
2%
Aucun quiz correspondant
Distribution des résultats
% des personnes avec chaque résultat
Percentile par nombre de réponses
Votre historique - résultats
Vous n’avez pas pris ce quiz